00654nam a2200181 450000500170000001000150001702000270003203500140005903700130007308200080008610000260009424501320012026000420025227000840029430000320037850000400041070000220045020230303163707.0 aENG-125621 a9789351711875c3100.00 aEN-109153 bDBAD/PUB a934 aNaorem Ambravati Devi aNeolithic culture of North East India :cby Naorem Ambravati Devi [and] Manoj Kumar Singhb(with special reference ot Manipur / aNew DelhibResearch India Pressc2019 aE-6/34, Sangam ViharbNew Delhie110062k011-26047013, 9818085794m011-26047013 axviii,187p;c29cm(Hb)bill. aIncludes bibliographical references aManoj Kumar Singh